O prevádzkovaní rozhlasového a televízneho vysielania

Úplné znenie zákona č.468/1991 Zb. o prevádzkovaní rozhlasového a televízneho vysielania v znení zákona č.597/1992 Zb., zákona Národnej rady Slovenskej republiky č.166/1993 Z.z. a zákona Národnej rady Slovenskej republiky č.325/1993 Z.z.

Saved in:
Bibliographic Details
Format: Book Chapter
Language:Slovak
Subjects:
Tags: Add Tag
No Tags, Be the first to tag this record!

MARC

LEADER 00000naa a2200000 4500
001 r024249
005 20221213113215.6
041 0 |a slo 
044 |a SK 
245 1 0 |a O prevádzkovaní rozhlasového a televízneho vysielania 
520 |a Úplné znenie zákona č.468/1991 Zb. o prevádzkovaní rozhlasového a televízneho vysielania v znení zákona č.597/1992 Zb., zákona Národnej rady Slovenskej republiky č.166/1993 Z.z. a zákona Národnej rady Slovenskej republiky č.325/1993 Z.z. 
610 2 0 |a zákony 
610 2 0 |a NR SR Bratislava 
610 2 0 |a 1991 
610 2 0 |a 1993 
610 2 0 |a prostriedky masovokomunikačné 
610 2 0 |a rozhlas 
610 2 0 |a televízia